Top 7 pomocników w FC 2025 - Statystyki

Ogólne statystyki
  • Ten quiz został rozwiązany 146 razy
  • Średni wynik to 7 z 7
Statystyki odpowiedzi
Piłkarz Narodowość Klub Ocena ogólna % Poprawnych
Rodri Hiszpania Manchester City 91
99%
Kevin De Bruyne Belgia Manchester City 90
98%
Jude Bellingham Anglia Real Madryt 90
95%
Federico Valverde Urugwaj Real Madryt 88
93%
Martin Ødegaard Norwegia Arsenal 89
91%
Bernardo Silva Portugalia Manchester City 88
88%
Florian Wirtz Niemcy Leverkusen 88
87%
Nie znaleziono quizów pasujących do podanych kryteriów
Rozkład punktacji
Procent ludzi z każdym wynikiem
Percentyl według liczby udzielonych odpowiedzi
Twoja historia wyników
Nie rozwiązałeś tego quizu